Dios en presencia del siglo o legislación de la providencia : (Record no. 11995)

000 -CABECERA
fixed length control field 01089nam a22002177a 4500
003 - IDENTIFICADOR DEL NÚMERO DE CONTROL
control field AR-CdUCM
008 - DATOS DE LONGITUD FIJA--INFORMACIÓN GENERAL
fixed length control field 190405b ||||| |||| 00| 0 spa d
040 ## - FUENTE DE LA CATALOGACIÓN
Agencia/entidad que catalogó originalmente la obra MUNICIPALIDAD PROVINCIAL DEL CUSCO
Entidad que transcribió la catalogación BIBLIOTECA MUNICIPAL DEL CUSCO
082 ## - NÚMERO DE LA CLASIFICACIÓN DECIMAL DEWEY
No. de Clasificación 231 /
Notacion interna M14 / 1842
100 ## - ENTRADA PRINCIPAL--NOMBRE DE PERSONA
Nombre Personal Modrolle, A.
245 ## - MENCIÓN DE TÍTULO
Título Dios en presencia del siglo o legislación de la providencia :
Resto del título en que se elevan en fin la ciencia y la religión toda entera a la altura de la época /
260 ## - PUBLICACIÓN, DISTRIBUCIÓN, ETC.
Lugar de publicación, distribución, etc. París :
Nombre de la editorial, distribuidor, etc. Libr. de rosa,
Fecha de publicación, distribución, etc. 1842.
300 ## - DESCRIPCIÓN FÍSICA
Nº de Páginas Extensión 239 páginas ;
Dimensiones 17 cm.
505 ## - NOTA DE CONTENIDO CON FORMATO
Nota de contenido formateada Contenido: Precedentes de la legislación general de la providencia -- Legislación general de la providencia -- Creación del mundo -- Esposición de las leyes de la providencia en la educación o la preservación, la reparación y el perfeccionamiento del hombre de la sociedad y del mundo -- leyes de la reparación del mundo.
650 ## - PUNTO DE ACCESO ADICIONAL DE MATERIA--TÉRMINO DE MATERIA
Descriptor Legislación
9 (RLIN) 2962
650 ## - PUNTO DE ACCESO ADICIONAL DE MATERIA--TÉRMINO DE MATERIA
Descriptor Leyes
9 (RLIN) 4808
650 ## - PUNTO DE ACCESO ADICIONAL DE MATERIA--TÉRMINO DE MATERIA
Descriptor Educación
9 (RLIN) 460
700 ## - PUNTO DE ACCESO ADICIONAL--NOMBRE DE PERSONA
Nombre Personal Ochoa, E. De (traductor)
9 (RLIN) 20624
942 ## - ELEMENTOS DE PUNTO DE ACCESO ADICIONAL (KOHA)
Fuente de clasificación
Tipo de item Libros-BMC
945 ## - PROCESAMIENTO DE INFORMACIÓN LOCAL (OCLC)
Catalogador acv
AAAA-MM-DD - Fecha de ingreso o modificacion 05/04/2019
Holdings
Estado de retiro (separado) Fuente de clasificación o esquema de estanterías Estado dañado Ubicación Sala donde se ubica Nombre de la colección Fecha de adquisición o compra Costo, precio normal en soles Signatura topográfica Código de Barras Última vez visto (Koha) Tipo de ítem (Koha)
No     Sala Cusco Antiguo Sala Cusco Antiguo Book Cart 2019-04-11 30.00 231 / M14 / 1842 SCA0001783 2019-04-11 Libros-BMC

Powered by Koha